سچ جيسے سپنے (Record no. 171124)

MARC details
000 -LEADER
fixed length control field 00588nam a22001937a 4500
005 - DATE AND TIME OF LATEST TRANSACTION
control field 20200107105814.0
010 ## - LCCN (DPL NO)
LC control number A-574873
020 ## - INTERNATIONAL STANDARD BOOK NUMBER
Terms of availability 120.00
International Standard Book Number 9693501551
035 ## - SYSTEM CONTROL NUMBER
System control number A-574873
037 ## - SOURCE OF ACQUISITION
Source of stock number/acquisition DBAD/PUB
Stock number -
082 ## - DEWEY DECIMAL CLASSIFICATION NUMBER
Classification number ک
100 ## - MAIN ENTRY--PERSONAL NAME
Personal name ہر چر ن چا و لہ
245 ## - TITLE STATEMENT
Title سچ جيسے سپنے
Statement of responsibility, etc ہر چر ن چا و لہ
246 ## - VARYING FORM OF TITLE
Remainder of title Such Jase Sapne (Urdu)
Title proper/short title by Harcharan Chawla
260 ## - PUBLICATION, DISTRIBUTION, ETC. (IMPRINT)
Place of publication, distribution, etc Lahore
Name of publisher, distributor, etc Sang-e-Mail Publications,
Date of publication, distribution, etc 1992 ء
270 ## - ADDRESS
Address Chowk Urdu Bazar,
City Lahore(Pakistan)
Postal code -
Telephone number -
Fax number -
300 ## - PHYSICAL DESCRIPTION
Extent 280 ص
Dimensions 22 Cm(Hb)
942 ## - ADDED ENTRY ELEMENTS (KOHA)
Source of classification or shelving scheme Dewey Decimal Classification
Item type Urdu Bks
Classification part ک
Call number suffix چ ا ؤ
Holdings
Withdrawn status Lost status Not for loan Collection code Home library Current library Date acquired Source of acquisition Cost, normal purchase price Full call number Barcode Copy number Cost, replacement price Koha item type
      Fiction Central Library Central Library 07/01/2020 BPPD/Ven. 120.00 ک چ ا ؤ A-574873 1 120.00 Urdu Bks

© Delhi Public Library
Hit Counter
free hit counter